New green farming funding in Scotland (Record no. 73011)

MARC details
000 -LEADER
fixed length control field 01085cam a2200253 4500
001 - CONTROL NUMBER
control field WB3926-18
008 - FIXED-LENGTH DATA ELEMENTS--GENERAL INFORMATION
fixed length control field 030708n2003 000 0 eng u
035 ## - SYSTEM CONTROL NUMBER
System control number (Sirsi) u122959
245 ## - TITLE STATEMENT
Title New green farming funding in Scotland
260 ## - PUBLICATION, DISTRIBUTION, ETC.
Date of publication, distribution, etc. 2003
490 ## - SERIES STATEMENT
Series statement Scottish Executive News Release
Volume/sequential designation (SEen449/2003) 2 July 2003 (4)
520 ## - SUMMARY, ETC.
Summary, etc. Scottish farmers and crofters will share £23.6m funding through the Rural Stewardship Scheme(RSS) to support wildlife conservation. The funding announced will cover 1 078 projects including grassland and wetland management as well as the creation of field margins. It will result directly in farmers and crofters managing 360 000 hectares of land in an environment-friendly manner. http://www.scotland.gov.uk/pages/news/2003/07/SEen449.aspx
590 ## - LOCAL NOTE (RLIN)
Local note WB
650 ## - SUBJECT ADDED ENTRY--TOPICAL TERM
Topical term or geographic name entry element GREEN FARMING
650 ## - SUBJECT ADDED ENTRY--TOPICAL TERM
Topical term or geographic name entry element WILDLIFE CONSERVATION
650 ## - SUBJECT ADDED ENTRY--TOPICAL TERM
Topical term or geographic name entry element SCOTLAND
650 ## - SUBJECT ADDED ENTRY--TOPICAL TERM
Topical term or geographic name entry element GRASSLANDS
650 ## - SUBJECT ADDED ENTRY--TOPICAL TERM
Topical term or geographic name entry element WETLANDS
650 ## - SUBJECT ADDED ENTRY--TOPICAL TERM
Topical term or geographic name entry element RURAL STEWARDSHIP SCHEME
650 ## - SUBJECT ADDED ENTRY--TOPICAL TERM
Topical term or geographic name entry element CROFTS
650 ## - SUBJECT ADDED ENTRY--TOPICAL TERM
Topical term or geographic name entry element FARMS
690 ## - LOCAL SUBJECT ADDED ENTRY--TOPICAL TERM (OCLC, RLIN)
Topical term or geographic name as entry element RURAL-NATURE CONSERVATION
942 ## - ADDED ENTRY ELEMENTS (KOHA)
Suppress in OPAC 0
Holdings
Withdrawn status Lost status Source of classification or shelving scheme Damaged status Not for loan Home library Current library Shelving location Date acquired Total Checkouts Full call number Barcode Date last seen Copy number Price effective from Koha item type
    Dewey Decimal Classification     London London News article 08/07/2003   WB3926-18 122959-1001 06/08/2019 1 06/08/2019 News article